Top 10 des jeux les plus joués sur PC - Statistiques

Statistiques générales
  • Ce quiz a été pris 322 fois
  • Le résultat moyen est 3 sur 10
Statistiques - réponses
Hint Réponse % Correct
1 Minecraft
92%
2 Fortnite
76%
8 Valorant
48%
7 League of Legends
40%
3 Roblox
38%
9 GTA V
23%
4 Les Sims 4
8%
5 Call of Duty : Modern Warfare II
1%
6 Counter-Strike : Offensive mondiale
0%
10 Hogwarts Legacy : L'Héritage de Poudlard
0%
Aucun quiz correspondant
Distribution des résultats
% des personnes avec chaque résultat
Percentile par nombre de réponses
Votre historique - résultats
Vous n’avez pas pris ce quiz